000 00801cam a2200229 i 4500
001 20297761
005 20241021120607.0
008 180119s2018 enk b 001 0 eng
020 _a9780198779063
050 0 0 _aKD2212
_b.W48 2018
100 1 _aWhish, Richard;
_eauthor.
245 1 0 _aCompetition law /
_cRichard Whish, David Bailey.
250 _aNinth edition.
260 _aOxford, United Kingdom
_aNew York
_bOxford University Press
_cc2018
300 _axcv, 1056 pages ;
_c25 cm
_bIllustrations, Index
650 0 _aRestraint of trade
_zGreat Britain.
650 0 _aAntitrust law
_zGreat Britain.
650 0 _aRestraint of trade
_zEuropean Union countries.
650 0 _aAntitrust law
_zEuropean Union countries.
700 1 _aBailey, David
_c(Attorney),
_eauthor.
942 _2lcc
_cBK
_eNinth
_n0
999 _c101
_d101